000
00241nam a2200097Ia 4500
001
689063
005
20250826161627.0
008
250824s9999 xx 000 0 und d
245
0
_a
HALİME KAPTAN
_c
RIFAT ILGAZ
260
_b
İŞ BANKASI YAYINLARI
999
_c
689063
_d
689063